2001: a space problem (Record no. 61850)

MARC details
000 -LEADER
fixed length control field 00626cam a2200181 4500
001 - CONTROL NUMBER
control field WB3547-13
008 - FIXED-LENGTH DATA ELEMENTS--GENERAL INFORMATION
fixed length control field 000000n1999 000 0 eng u
035 ## - SYSTEM CONTROL NUMBER
System control number (Sirsi) u102944
245 ## - TITLE STATEMENT
Title 2001: a space problem
260 ## - PUBLICATION, DISTRIBUTION, ETC.
Date of publication, distribution, etc. 1999
490 ## - SERIES STATEMENT
Series statement Building Design
Volume/sequential designation (1470) 26 November 1999, 3(1)
520 ## - SUMMARY, ETC.
Summary, etc. Architects involved with the consortia bidding to redevelop the Millennium Dome in 2001 claim that the structure is too big and inaccessible to be viable. Lists the nine bid proposals.
590 ## - LOCAL NOTE (RLIN)
Local note WB
650 ## - SUBJECT ADDED ENTRY--TOPICAL TERM
Topical term or geographic name entry element MILLENNIUM DOME
650 ## - SUBJECT ADDED ENTRY--TOPICAL TERM
Topical term or geographic name entry element GREENWICH
690 ## - LOCAL SUBJECT ADDED ENTRY--TOPICAL TERM (OCLC, RLIN)
Topical term or geographic name as entry element PROPERTY-PROPERTY DEVELOPMENT
942 ## - ADDED ENTRY ELEMENTS (KOHA)
Suppress in OPAC 0
Holdings
Withdrawn status Lost status Source of classification or shelving scheme Damaged status Not for loan Home library Current library Shelving location Date acquired Total Checkouts Full call number Barcode Date last seen Copy number Price effective from Koha item type
    Dewey Decimal Classification     London London News article 01/12/1999   WB3547-13 102944-1001 06/08/2019 1 06/08/2019 News article